Gregory the great and his world (Record no. 266322)

MARC details
000 -LEADER
fixed length control field 00714nam a2200217Ia 4500
008 - FIXED-LENGTH DATA ELEMENTS--GENERAL INFORMATION
fixed length control field 191130s1997##################000#0#eng##
020 ## - INTERNATIONAL STANDARD BOOK NUMBER
ISBN 0521584302
082 ## - DEWEY DECIMAL CLASSIFICATION NUMBER
Classification number BX1076 .M37 1997 270.2/092
100 ## - MAIN ENTRY--AUTHOR NAME
Personal name Markus, R. A
245 ## - TITLE STATEMENT
Title Gregory the great and his world
Statement of responsibility, etc R.A. Markus
260 ## - PUBLICATION, DISTRIBUTION, ETC. (IMPRINT)
Place of publication Cambridge
Name of publisher Cambridge University Press
Year of publication 1997
300 ## - PHYSICAL DESCRIPTION
Number of Pages xxiii, 241 p. : maps ; 23 cm
500 ## - GENERAL NOTE
General note Includes bibliographical references (p. 211-224) and indexes
650 ## - SUBJECT ADDED ENTRY--TOPICAL TERM
Topical Term Church history - Primitive and early church, ca. 30-600
Topical Term Gregory I, Pope, ca. 540-604
991 ## -
-- 111587
Holdings
Withdrawn status Lost status Damaged status Not for loan Home library Current library Shelving location Date acquired Full call number Accession Number Price effective from Koha item type
        Anna Centenary Library Anna Centenary Library 3RD FLOOR, B WING 13.10.2020 270.2092 MAR 100572 13.10.2020 English Books

Find us on the map